00311nam a2200109Ia 4500008004100000082000800041100002100049245001500070942000600085952009500091999001500186240331s9999 xx 000 0 und d bRAJ aRajanarayanan, K 0aPenn manam cL 001040708LaWERCLbWERCLcSSCd2024-03-31l0o 398 RAJp2151r2024-03-31w2024-03-31yL c3634d3634